Bandeiras dos Países Que Falam Português - Statistics

Estatísticas Gerais
  • Esse quiz foi jogado 1 072 vezes
  • A pontuação média é 7 de 9
Estatísticas das Respostas
Imagem Resposta % Correto
Brasil
100%
Portugal
94%
Angola
93%
Moçambique
87%
Cabo Verde
81%
Timor-Leste
81%
São Tomé e Príncipe
74%
Guiné-Bissau
70%
Guiné Equatorial
68%
Nenhum quiz correspondente encontrado
Distribuição das Pontuações
Porcentagem de Pessoas com Cada Pontuação
Percentil de Números Respondidos
Sua Pontuação Histórica
Você não jogou esse quiz